Cranial Nerves: (Record no. 146)

MARC details
000 -LEADER
fixed length control field 01433cam a2200349 a 4500
001 - CONTROL NUMBER
control field 16202724
003 - CONTROL NUMBER IDENTIFIER
control field OSt
005 - DATE AND TIME OF LATEST TRANSACTION
control field 20230221170023.0
008 - FIXED-LENGTH DATA ELEMENTS--GENERAL INFORMATION
fixed length control field 100422s2010 ctua b 001 0 eng
010 ## - LIBRARY OF CONGRESS CONTROL NUMBER
LC control number 2010017389
020 ## - INTERNATIONAL STANDARD BOOK NUMBER
International Standard Book Number 9781607950318
020 ## - INTERNATIONAL STANDARD BOOK NUMBER
International Standard Book Number 1607950316
035 ## - SYSTEM CONTROL NUMBER
System control number (DNLM)101529457
040 ## - CATALOGING SOURCE
Original cataloging agency DNLM/DLC
Transcribing agency DLC
Modifying agency DLC
042 ## - AUTHENTICATION CODE
Authentication code pcc
050 00 - LIBRARY OF CONGRESS CALL NUMBER
Classification number QM471
Item number .W55 2010
060 10 - NATIONAL LIBRARY OF MEDICINE CALL NUMBER
Classification number WL 330
Item number C8913 2010
082 00 - DEWEY DECIMAL CLASSIFICATION NUMBER
Classification number WL330 C85p 2010
100 ## - MAIN ENTRY--PERSONAL NAME
Personal name Wilson-Pauwels, Linda [et...al]
9 (RLIN) 16456
245 00 - TITLE STATEMENT
Title Cranial Nerves:
Remainder of title function and dysfunction
250 ## - EDITION STATEMENT
Edition statement 3rd ed.
260 ## - PUBLICATION, DISTRIBUTION, ETC. (IMPRINT)
Place of publication, distribution, etc. Shelton, Conn. :
Name of publisher, distributor, etc. People's Medical Pub. House,
Date of publication, distribution, etc. 2010.
300 ## - PHYSICAL DESCRIPTION
Extent x, 247 p. :
Other physical details col. ill. ;
Dimensions 29 cm.
504 ## - BIBLIOGRAPHY, ETC. NOTE
Bibliography, etc Includes bibliographical references and index.
505 0# - FORMATTED CONTENTS NOTE
Formatted contents note Olfactory nerve -- Optic nerve -- Oculomotor nerve -- Trochlear nerve -- Trigeminal nerve -- Abducens nerve -- Facial nerve -- Vestibulocochlear nerve -- Glossopharyngeal nerve -- Vagus nerve -- Accessory nerve -- Hypoglossal nerve -- Coordinated eye movements and clinical testing of the somatic motor components of cranial nerves III, IV, and VI.
650 #0 - SUBJECT ADDED ENTRY--TOPICAL TERM
Topical term or geographic name as entry element Nerves.
9 (RLIN) 390
650 12 - SUBJECT ADDED ENTRY--TOPICAL TERM
Topical term or geographic name as entry element Cranial Nerves
General subdivision anatomy & histology.
9 (RLIN) 391
730 0# - ADDED ENTRY--UNIFORM TITLE
Uniform title Cranial nerves in health and disease.
9 (RLIN) 393
906 ## - LOCAL DATA ELEMENT F, LDF (RLIN)
a 7
b cbc
c orignew
d 1
e ecip
f 20
g y-gencatlg
942 ## - ADDED ENTRY ELEMENTS (KOHA)
Source of classification or shelving scheme Other/Generic Classification Scheme
Koha item type Book Bank
Holdings
Withdrawn status Lost status Source of classification or shelving scheme Damaged status Not for loan Home library Current library Date acquired Source of acquisition Inventory number Total Checkouts Full call number Barcode Date last seen Koha item type Date last checked out Price effective from
    Other/Generic Classification Scheme     MUST Main Library MUST Main Library 08/07/2014 Purchase 12/36276   WL 330 C85p 2010 2014-0353 08/07/2014 Book Bank    
    Other/Generic Classification Scheme     MUST Main Library MUST Main Library 08/07/2014 Purchase 12/36278   WL330 C85p 2010 2014-0354 08/07/2014 Book Bank    
    Other/Generic Classification Scheme     MUST Main Library MUST Main Library 08/07/2014 Purchase 12/36279   WL330 C85p 2010 2014-0355 08/07/2014 Book Bank    
    Other/Generic Classification Scheme     MUST Main Library MUST Main Library 08/07/2014 Purchase 12/36281   WL330 C85p 2010 2014-0356 08/07/2014 Book Bank    
    Other/Generic Classification Scheme     MUST Main Library MUST Main Library 08/07/2014 Purchase 12/36280 1 WL330 C85p 2010 2014-0357 27/11/2019 Book Bank 28/08/2019  
    Other/Generic Classification Scheme     MUST Main Library MUST Main Library 08/07/2014 Purchase 12/36275   WL330 C85p 2010 2014-0358 08/07/2014 Book Bank    
    Other/Generic Classification Scheme     MUST Main Library MUST Main Library 21/09/2016   11/33747   WL 330 C85p 2010 2016-4447 21/09/2016 Open Shelf   21/09/2016
    Other/Generic Classification Scheme     MUST Main Library MUST Main Library 21/09/2016   14/38008   WL 330 C85p 2010 2016-4448 21/09/2016 Open Shelf   21/09/2016
    Other/Generic Classification Scheme     MUST Main Library MUST Main Library 21/09/2016   14/38009   WL 330 C85p 2010 2016-4449 21/09/2016 Open Shelf   21/09/2016
    Other/Generic Classification Scheme     MUST Main Library MUST Main Library 21/09/2016   13/37135   WL 330 C85p 2010 2016-4450 21/09/2016 Open Shelf   21/09/2016